| 000 | 00515nam a2200217Ia 4500 | ||
|---|---|---|---|
| 999 |
_c32821 _d32821 |
||
| 003 | 0100 | ||
| 005 | 20190701112218.0 | ||
| 008 | 130303s9999 xx 000 0 und d | ||
| 020 | _a0070281017 | ||
| 040 | _cARRUPELIB | ||
| 050 | _aHB171.H52 1971 | ||
| 100 |
_aHenderson, James M _946662 |
||
| 245 | _aMicroeconomic theory | ||
| 245 | _ba Mathematical approach | ||
| 260 |
_aNew York _bMcGraw-Hill Book Company, Inc _c1971 |
||
| 300 | _a431p. | ||
| 300 | _b 23 cm | ||
| 650 |
_aMicroeconomics,Economics, Mathematical _946663 |
||
| 700 |
_aQuandt, Richard E _946664 |
||
| 942 |
_2lcc _cMONOGRAPH |
||